000 01091cam a2200301 a 4500
999 _c24026
_d24026
001 4379301
005 20170127151859.0
008 910718s1992 nyuab 000 0 eng
010 _a 91028773
020 _a0876636210 :
_c$16.95
040 _aDLC
_cDLC
_dDLC
043 _ae-fr---
050 0 0 _aND653
_b.G7A4 1992
100 1 _aGogh, Vincent van,
_d1853-1890.
240 1 0 _aProvence
245 1 0 _aVan Gogh's Provence /
_c[produced, edited, and designed by Russell Ash & Bernard Higton].
260 _aNew York, NY :
_bUniverse,
_c1992.
300 _a62 p. :
_bill. (some col.), col. map ;
_c20 x 24 cm.
600 1 0 _aGogh, Vincent van,
_d1853-1890
_xThemes, motives.
650 0 _aProvence (France) in art.
700 1 _aAsh, Russell.
700 1 _aHigton, Bernard.
942 _2lcc
_cBOOKS
_hND653 .G7A4 1992